000 00518nam a2200145 i 4500
001 180003
003 ES-MaACL
005 20230906220951.0
008 120314s1915 cu |||| | spa d
110 2 _aCasino Español de La Habana.
_9134230
245 1 0 _aMemoria que la Junta Directiva presenta a los señores socios
_b: Año 1914, XVLI de la fundación de la sociedad.
260 _aHabana :
_b[s.n.],
_c1915 (
_fImp. La Habanera)
300 _a40, [38] p., 18 h. de fot. ;
_c23 cm.
852 _aES-MaACL
_jT-1456-F-3
999 _c180003
_d180003